Apátzai-film

Elmentve itt :
Bibliográfiai részletek
Szerző: Bretter György
Adatforrás:Philobibl
Forrásdokumentuma:Tiszatáj
33.1979:1. p. 14-17.
Dokumentumtípus: Cikk
Nyelv:magyar
Megjelent: 1979
LEADER 00282nab a2200109 c 4500
001 bibPHI0034120
005 20200924123309.1
008 090421s1979 hu hun
100 1 |a Bretter György 
245 1 0 |a Apátzai-film  |c Bretter György 
260 |a 1979 
773 0 |t Tiszatáj  |g 33.1979:1. p. 14-17.